| 000 | 00720nam a22001937a 4500 | ||
|---|---|---|---|
| 003 | BD-DhUL | ||
| 005 | 20180524090356.0 | ||
| 008 | 180522s1977 ii ||||| |||| 00| 0 ben d | ||
| 040 |
_aBD-DhUL _cBD-DhUL |
||
| 082 |
_a891.443 _bNAI |
||
| 100 | 1 | _aসেন, নবীনতা দেব | |
| 245 | 0 | 0 |
_aঈশ্বরের প্রতিদ্বন্দ্বী এবং অন্যান্য প্রবন্ধ / _cনবীনতা দেব সেন |
| 260 |
_aকলকাতা : _bআশা, _c১৯৭৭। |
||
| 300 |
_a১৪৮ পৃ. ; _c ২০ সেমি.। |
||
| 365 |
_aIRS _b25 |
||
| 650 | 4 | _aবাংলা উপন্যাস | |
| 650 | 4 | _aBengali fiction | |
| 942 |
_2ddc _cBK |
||
| 999 |
_c241544 _d241544 |
||